KOHA-Header-6

Probability and Random Processes for Electrical Engineering (Record no. 894)

000 -LEADER
fixed length control field 00334nam a2200121Ia 4500
008 - FIXED-LENGTH DATA ELEMENTS--GENERAL INFORMATION
fixed length control field 190722s9999 xx 000 0 und d
020 ## - INTERNATIONAL STANDARD BOOK NUMBER
International Standard Book Number 978-81-317-0917-7
100 ## - MAIN ENTRY--PERSONAL NAME
Personal name Alberto Leon Garcia
245 #0 - TITLE STATEMENT
Title Probability and Random Processes for Electrical Engineering
260 ## - PUBLICATION, DISTRIBUTION, ETC. (IMPRINT)
Place of publication, distribution, etc New Delhi
Name of publisher, distributor, etc Pearson
Date of publication, distribution, etc 2007
300 ## - PHYSICAL DESCRIPTION
Extent 611
942 ## - ADDED ENTRY ELEMENTS (KOHA)
Koha item type Books
Holdings
Withdrawn status Lost status Source of classification or shelving scheme Damaged status Not for loan Collection code Permanent Location Current Location Shelving location Date acquired Full call number Barcode Date last seen Price effective from Koha item type
          Electrical Engineering MAJU MAJU Shelf No.A34 2019-07-22 519.2 7520 2019-11-07 2019-07-22 Electrical Engineering

Powered by Koha